MARC

LEADER 00000nam0a2200000 4500
001 220957
005 20231101230354.0
010 |a 5120010644 
020 |a RU  |b 90-279 
035 |a (RuTPU)RU\TPU\book\241096 
090 |a 220957 
100 |a 20120905d1989 m y0rusy5003 ca 
101 0 |a rus 
102 |a UA 
105 |a y z 001zy 
200 1 |a Разумная организация жизни личности: проблемы воспитания и саморегулирования  |e монография  |f Академия наук Украинской ССР (АН УССР), Институт философии ; под ред. Л. В. Соханя ; В. А. Тихоновича ; О. А. Киселевой 
210 |a Киев  |c Наук. думка  |d 1989 
215 |a 328 с. 
225 1 |a Актуальные проблемы коммунистического воспитания 
300 |a Авт. указаны на обороте тит. л. 
320 |a Библиогр. в примеч.: с. 314-324 
606 1 |a Личность  |x Человеческие качества  |2 stltpush  |3 (RuTPU)RU\TPU\subj\37623  |9 58509 
610 1 |a социология 
610 1 |a перестройка 
610 1 |a 20 век 
610 1 |a советское общество 
610 1 |a самоорганизация 
610 1 |a ценности 
610 1 |a молодежь 
610 1 |a способности 
610 1 |a потребности 
610 1 |a здоровье 
686 |a С55.35  |2 rubbk 
702 1 |a Сохань  |b Л. В.  |g Лидия Васильевна  |4 340 
702 1 |a Тихонович  |b В. А.  |4 340 
702 1 |a Киселева  |b О. А.  |4 340 
712 0 2 |a Академия наук Украинской ССР (АН УССР)  |b Институт философии  |2 stltpush  |3 (RuTPU)RU\TPU\col\12865 
801 0 |a RU  |b RuMRKP  |c 19960704  |g psbo 
801 1 |a RU  |b 63413507  |c 20120905 
801 2 |a RU  |b 63413507  |c 20121008  |g RCR 
942 |c BK